000
00200 a2200097 4500
001
48765
100
_a
Stroud
245
_a
Engg mathematics
260
_a
London
_b
Macmillan
_c
090
_c
31666
_d
31666
942
_a
NUST-CAE
_c
M
_c
24076
999
_c
283838
_d
283838